Statistics for American Idol Runner- Up's [Second Place Finishers]

Click here to take the quiz!

General Stats

  • This quiz has been taken 19 times
  • The average score is 10 of 15

Answer Stats

Season #Runner-Up% Correct
7David Archuleta
93%
8Adam Lambert
86%
2Clay Aiken
86%
1Justin Guarini
86%
4Bo Bice
79%
9Crystal Bowersox
64%
11Jessica Sanchez
64%
10Lauren Alaina
64%
6Blake Lewis
57%
5Katharine McPhee
57%
3Diana DeGarmo
50%
13Jena Irene
50%
15La' Porsha Renae
50%
14Clark Beckham
43%
12Kree Harrison
43%

Score Distribution

Percentile by Number Answered

Percent of People with Each Score

Your Score History

You have not taken this quiz